000
00334nam a2200133Ia 4500
008
240624s9999 xx 000 0 und d
041
_a
eng
082
_a
339.53 MIS
100
_a
MISHKIN FREDERIC S
245
_a
MONETARY POLICY STRATEGY
260
_c
2007
_a
New Delhi
_b
MIT Press
300
_a
x, : 549 : p. : cm. ; 25
365
_c
_b
36
999
_c
9016
_d
9016